000 00820nam a22002537a 4500
003 DO-SdBNP
005 20240806114450.0
008 161205b 2005 sp a 00| 0 spa d
020 _a8496412709
040 _aBPMSU
_bspa
_cBPMSU
082 4 _aA863.44
_bS998s 2005
_222
100 1 _aSzpunberg, Alberto
_d1940-
245 1 3 _aLa sirenita /
_cHans Christian Andersen, adaptación Alberto Szpunberg
260 _aBarcelona :
_bDiario El País,
_c2005.
300 _a45 p. :
_bil., ;
_c20 cm.
490 0 _aCuentos infantiles,
_v16
590 _aInventariado, 2024/VM
650 4 _aCuentos infantiles argentinos
650 4 _aLiteratura infantil argentina
700 1 _aSzpunberg, Alberto
_d1940-
_tLa sirenita
700 1 _aInk, Lancman
_eilustración
910 _aVMateo V. Control de calidad. BPMSU
942 _2ddc
_cBK
999 _c12269
_d12269